000 00825nam a22002537a 4500
001 0000003841
003 PPM
005 20260423150715.0
008 260423b ||||| |||| 00| 0 eng d
020 _a9789833927111
_qPaperback
035 _a0000003841
040 _bEng
_cPusat Penyelidikan Mineral, Jabatan Mineral Dan Geosains Malaysia
_dPPM
_eRDA
082 0 0 _222
_a302.2242
_bTOW 2007
245 1 0 _aTowards Effective Oral Communication /
_cby Sahirah Marzuki ... [et al].,
250 _a2nd.ed
260 1 _aSelangor :
_bPrentice Hall ,
_c2007
300 0 0 _a150 pages .:
_billustrations .;
_c24 cm
504 _aIncludes bibliographical references (p.: 149 - 150)
650 1 0 _aOral communication
650 2 0 _aCommunication
650 2 0 _aPublic speaking
700 1 _aSahirah Marzuki
_eauthor
942 _2ddc
_cBK
999 _c27225
_d27225